Представление документа в формате MARC21

Поле Инд. ПП Название Значение
Тип записи a
Библиографический уровень m
001 Контрольный номер 0469da7f29664c55b9f72c85511629a9
005 Дата корректировки 20230510150937.3
008 Кодируемые данные 20210913
084 a Индекс другой классификации/Индекс ББК 67
090 a Полочн. индекс 95.2+67
099 a Индекс 15604
245 a Заглавие Информационный вестник правительства Московской области
n Номер части/ раздела №16/2021
c Ответственность учредители: Гос. автономное учреждение Моск. обл. "ИД "Подмосковье" [и др.]; шеф-ред. А.Б. Прокопьев
h Физич. носитель Текст
260 c Дата издания 2021
b Издательство Подмосковье
a Место издания Москва
300 a Объем 640 с.
500 a Примечание Журнал
650 a Основная рубрика право
653 a Ключевые слова закон; постановления; распоряжение; Московская область; правительство
773 w Контрольный № источника RU/IS/BASE/497019111
901 t Тип документа s
952 a Тип литературы для КСУ ВШ НОР
991 s 6